000
00312 a2200157 4500
001
160843
020
_a
040
_c
Magnum
100
_a
-
240
1
0
_a
O patinho feio/paulinas
_l
por
245
1
0
_a
O patinho feio/paulinas
362
0
_a
1899
440
1
_a
Paulinas
697
_a
IJ/ANIMAIS
942
_c
BK
999
_c
160843
_d
160843